Legislación Chilena.
Wedi'i Gadw mewn:
| Prif Awdur: | |
|---|---|
| Fformat: | Llyfr |
| Cyhoeddwyd: |
Valparaíso, Chile:
Imprenta Victoria,
1967.
|
| Pynciau: | |
| Tagiau: |
Ychwanegu Tag
Dim Tagiau, Byddwch y cyntaf i dagio'r cofnod hwn!
|
MARC
| LEADER | 00000nam a22000007a 4500 | ||
|---|---|---|---|
| 003 | CL-VaPUC | ||
| 005 | 20230821105529.0 | ||
| 008 | 230801t1967 ||||| |||| 00| 0 eng d | ||
| 999 | |c 441479 |d 441477 | ||
| 040 | |c Pontificia Universidad Católica de Valparaíso | ||
| 082 | 0 | 4 | |2 22 |a 340.0983 ALV 1967 |
| 100 | 1 | |a Alvarez Argel, Luis Raúl |9 744788 |e autor | |
| 245 | 1 | 0 | |a Legislación Chilena. |
| 260 | |a Valparaíso, Chile: |b Imprenta Victoria, |c 1967. | ||
| 300 | |a 676 páginas. | ||
| 500 | |a c.1. Donación Biblioteca Derecho. Memo DER 024/2023 | ||
| 505 | |a Tomo I: Legislación Administrativa vol.I | ||
| 583 | |c 20230801 |k Catalogador Asistente | ||
| 650 | 1 | |a Derecho chileno |9 884143 | |
| 650 | 1 | |a Derecho administrativo chileno |9 461009 | |
| 942 | |2 ddc |c BK | ||
| 952 | |0 0 |1 0 |2 ddc |4 0 |6 340_098300000000000_ALV_1967 |7 0 |8 A |9 591080 |a BIBDER |b BIBDER |d 2023-08-01 |e Donación |h t.I v.I |i 5658280 |o 340.0983 ALV 1967 |p 5658280 |r 2023-08-01 |t 1 |w 2023-08-01 |y BK |k DER | ||